World construction 2006-2007 (Record no. 106411)
[ view plain ]
| 000 -LEADER | |
|---|---|
| fixed length control field | 01431cam a2200229 4500 |
| 001 - CONTROL NUMBER | |
| control field | ##L136495 |
| 008 - FIXED-LENGTH DATA ELEMENTS--GENERAL INFORMATION | |
| fixed length control field | 070205n2007 000 0 eng u |
| 035 ## - SYSTEM CONTROL NUMBER | |
| System control number | (Sirsi) u136495 |
| 041 0# - LANGUAGE CODE | |
| Language code of text/sound track or separate title | eng |
| 050 04 - LIBRARY OF CONGRESS CALL NUMBER | |
| Classification number | 338.4569 $2 18 |
| 110 2# - MAIN ENTRY--CORPORATE NAME | |
| Corporate name or jurisdiction name as entry element | Davis Langdon |
| 9 (RLIN) | 4649 |
| 245 00 - TITLE STATEMENT | |
| Title | World construction 2006-2007 |
| Medium | [electronic resource] |
| 260 ## - PUBLICATION, DISTRIBUTION, ETC. | |
| Place of publication, distribution, etc. | [S.l.] |
| Name of publisher, distributor, etc. | Davis Langdon |
| Date of publication, distribution, etc. | 2007 |
| 490 #0 - SERIES STATEMENT | |
| Series statement | Davis Langdon World Construction |
| Volume/sequential designation | 2006-07 |
| 520 ## - SUMMARY, ETC. | |
| Summary, etc. | Reveals that overall growth in world construction activity stayed positive in 2006, but was less dynamic than over the last few years. Demand was strongest in the markets of Central and Eastern Europe, the Middle East and Asia. Global construction spending in 2006 was $4.6 trillion, up by 4.9% on 2005. The forecast for 2007 is a general slowdown in global construction activity, and over the medium term average global construction growth is predicted to slow to around 3% annually through to 2010. However, China, India and the countries of the former Soviet Union are promising exceptional growth rates during this period. The survey spans Africa, the Americas, Asia Pacific, Australasia, Europe and the Middle East. |
| 590 ## - LOCAL NOTE (RLIN) | |
| Local note | KA |
| 650 24 - SUBJECT ADDED ENTRY--TOPICAL TERM | |
| Topical term or geographic name entry element | DAVIS LANGDON WORLD CONSTRUCTION |
| 651 #4 - SUBJECT ADDED ENTRY--GEOGRAPHIC NAME | |
| Geographic name | International |
| 690 ## - LOCAL SUBJECT ADDED ENTRY--TOPICAL TERM (OCLC, RLIN) | |
| Topical term or geographic name as entry element | BUILT ENVIRONMENT-CONSTRUCTION MARKET |
| 856 40 - ELECTRONIC LOCATION AND ACCESS | |
| Uniform Resource Identifier | <a href="https://www.davislangdon.com">https://www.davislangdon.com</a> |
| Public note | View the item free of charge at www.davislangdon.com... |
| 942 ## - ADDED ENTRY ELEMENTS (KOHA) | |
| Suppress in OPAC | 0 |
| Withdrawn status | Lost status | Source of classification or shelving scheme | Damaged status | Not for loan | Home library | Current library | Shelving location | Date acquired | Total Checkouts | Full call number | Barcode | Date last seen | Copy number | Price effective from | Koha item type |
|---|---|---|---|---|---|---|---|---|---|---|---|---|---|---|---|
| Dewey Decimal Classification | Virtual | Virtual | Online | 05/02/2007 | ONLINE PUBLICATION | 136495-2001 | 06/08/2019 | 1 | 06/08/2019 | Book |